000 00483nam a2200169Ia 4500
999 _c12222
_d12222
003 OSt
005 20201116111339.0
008 190216s9999||||xx |||||||||||||| ||und||
040 _coclc
082 _a420.9
_bGRO/S
100 _aGroom, Bernard
_96601
245 2 _aA Short History Of English Words /
_cBernard Groom
260 _bMacmillan,
_c1966.
_aLondon:
300 _a221p
650 _aEnglish Language
942 _cBK
_2ddc
_h420.9
_iGRO/S
_k420.9
_mGRO/S